Energy utilisation and conservation : EUCON 75, 2-4 September 1975.

Saved in:
Bibliographic Details
Corporate Author: Energy Utilisation and Conservation Conference, Birniehill Institute
Format: Conference Proceeding Book
Language:English
Published: East Kilbride : Birniehill Institute National Engineering Laboratory, 1975.
Subjects:
LEADER 01151nam a2200277 i 4500
001 c000063175
003 CARM
005 00000000000000.0
008 770601s1975 enka 10000 eng
015 |a GB76-32539 
019 1 |a 869604  |z 23870071  |5 LACONCORD2021 
020 |a 0903640139 :  |c L.8.00 
035 |a (OCoLC)3072085  |5 LACONCORD2021 
043 |a ew----- 
050 0 0 |a TJ163.4.E854  |b E53 1975 
111 2 0 |a Energy Utilisation and Conservation Conference,  |c Birniehill Institute,  |d 1975. 
245 0 0 |a Energy utilisation and conservation :  |b EUCON 75, 2-4 September 1975. 
260 |a East Kilbride :  |b Birniehill Institute National Engineering Laboratory,  |c 1975. 
300 |a 284 p. in various pagings :  |b ill. ;  |c 30 cm. 
650 0 |a Energy conservation  |z Europe  |x Congresses. 
650 0 |a Energy consumption  |z Europe  |x Congresses. 
650 0 |a Energy policy  |z Europe  |x Congresses. 
852 8 |b CARM  |h A2:AF17C0  |i D01033  |p 0048095  |f BK 
082 0 4 |a 658.2/6/094 
999 f f |i a12d54bc-2193-5fc3-9197-76f0eb15480a  |s 1646ce61-5ad0-5df2-995b-f33e918c6a81 
952 f f |p Can circulate  |a CAVAL  |b CAVAL  |c CAVAL  |d CARM 1 Store  |e D01033  |f A2:AF17C0  |h Other scheme  |i book  |m 0048095